000 00377nam a2200157Ia 4500
003 Ost
005 20260225132551.0
008 260225s9999||||xx |||||||||||||| ||und||
040 _cfsic
041 _afre
082 _a791.43
100 _aJean Pierre Soisson
_eAuteur
245 0 _aSélection de films pour la jeunesse /
245 0 _cJean Pierre Soisson
942 _cكتاب
999 _c34156
_d34156